Microsoft Power Point 2000 bằng hình ảnh
保存先:
| 第一著者: | |
|---|---|
| フォーマット: | 図書 |
| 出版事項: |
Giáo dục
1999
|
| タグ: |
タグ追加
タグなし, このレコードへの初めてのタグを付けませんか!
|
| Thư viện lưu trữ: | Mạng thư viện Đại học Đà Nẵng |
|---|
| LEADER | 00602nam a2200229 a 4500 | ||
|---|---|---|---|
| 001 | 000028800 | ||
| 003 | 391 | ||
| 005 | 20171030145630.0 | ||
| 008 | 171030s1999 | ||
| 020 | |c 19000 | ||
| 040 | |a LTT | ||
| 082 | 0 | |a 005,3 |b NG-T | |
| 100 | 1 | |a Nguyễn Tiến | |
| 245 | 0 | 0 | |a Microsoft Power Point 2000 bằng hình ảnh |c Nguyễn Tiến, Đặng Xuân Hường, Trương Cẩm Hồng. |
| 260 | |b Giáo dục |c 1999 | ||
| OWN | |a LTT | ||
| 999 | |a From the UDN01 | ||
| TYP | |a Monograph | ||
| TYP | |a Printed language | ||
| 980 | |a Mạng thư viện Đại học Đà Nẵng | ||